01667nam a22003497a 4500999001700000003000900017005001700026008004100043020001500084040004300099082002400142100004700166245034600213250002000559250002300579264006200602300002900664336002600693337002800719338002700747490005600774500002300830500002300853504005100876650002600927653002400953655002400977700003401001942001201035952013601047952013401183 c12597d12597EG-ScBUE20200919100612.0090817r20052001enk f bd 001 0 eng d a1855734834 aEG-ScBUEbengerdacEG-ScBUEdEG-ScBUE04a677.028242bLOR2221 aLord, Peter R.‏q(Peter Reeves)eauthor. aWeaving: Conversion of Yarn to Fabric :cP. R. Lord, Ph.D., abel c. lineberger professor of textiles, School of Textiles, North Carolina State University, Raleigh, North Carolina, U.S.A., M. H. Mohamed, B.Sc., professor of textile materials and management, School of Textiles, North Carolina State University, Raleigh, North Carolina, U.S.A. aSecond edition. aReprinted edition. 1aCambridge, England :bWoodhead Publishing Limited,c2005. avii, 394 pages ;c20 cm. 2rdacontentatextbtxt 2rdamediaaunmediatedbn 2rdacarrieravolumebnc0 aMerrow technican library.atextile technology ;v12 aIncludes appendix. aIncludes glossary. aIncludes bibliographical references and index. 7aweaving.2BUEsh98471 bGGENcSeptember2020 vReading book9342321 aMohamed, Mansour H.,eauthor. 2ddccBB 00102ddc40708Alef-BaaaMAINbMAINc1STd2009-08-17epurchasel0o677.028242 LORp000017903r2025-07-15 00:00:00w2009-08-17yBB 00102ddc40708BaccahaMAINbMAINc1STd2020-09-19ePurchasel0o677.028242 LORp000049691r2025-07-15 00:00:00w2020-09-19yBB